Sports Quiz

Random Sports Quiz

UFC Submission Of The Night Award Winners Quiz Stats

 Plays Quiz not verified by Sporcle

Support Sporcle.
Go Orange.
Score 0/125 Timer 12:00
0 Plays Today
# Fighter % Correct
5Nate Diaz
90.1%
2Anderson Silva
90.1%
1Nick Diaz
90.1%
2Jon Jones
86.4%
2Erick Silva
85.2%
1Demetrious Johnson
84.8%
4Demian Maia
84%
1Thiago Silva
84%
2Frank Mir
82.7%
2B.J. Penn
77.8%
1DaMarques Johnson
77.8%
1Georges St. Pierre
77.8%
6Joe Lauzon
76.5%
1Antonio Rodrigo Nogueira
76.5%
1Matt Hughes
75.3%
1Chael Sonnen
72.7%
2Urijah Faber
71.6%
1Anthony Pettis
68.8%
3Jim Miller
66.7%
1Forrest Griffin
66.7%
4Cole Miller
65.4%
1Dan Miller
65.4%
1Kyle Noke
65.4%
1Tyson Griffin
65.4%
1Ronda Rousey
61%
2Donald Cerrone
60.5%
1Brock Lesnar
60.5%
1Renan Barao
59.3%
1Tito Ortiz
58%
3Kenny Florian
56.8%
1Phil Davis
56.8%
3Clay Guida
55.6%
1Marcus Davis
55.6%
3Chris Lytle
54.3%
2Rousimar Palhares
54.3%
3Jason MacDonald
53.1%
2Chan Sung Jung
51.9%
1Rob MacDonald
51.9%
3Stefan Struve
49.4%
1Chris Weidman
46.9%
1Josh Koscheck
45.7%
1Michael McDonald
45.5%
# Fighter % Correct
1Ryan Bader
44.4%
1Ronaldo Souza
43.5%
1Dustin Poirier
43.2%
2Martin Kampmann
42%
3Charles Oliveira
40.7%
1Travis Browne
38.3%
1Thales Leites
38.3%
2Joe Stevenson
33.3%
1Rafael dos Anjos
33.3%
1Tony Ferguson
31.7%
2Alan Belcher
30.9%
1Glover Teixeira
27.5%
1Tom Lawlor
27.2%
4Terry Etim
24.7%
2Paul Sass
24.7%
2Dustin Hazelett
24.7%
1Ricardo Lamas
24.7%
1Mirko Filipovic
24.7%
1Travis Lutter
24.7%
2Ed Herman
23.5%
1Matt Wiman
23.5%
1Vaughan Lee
23.5%
1Gleison Tibau
23.5%
2Mark Bocek
22.2%
1Paulo Thiago
22.2%
1Spencer Fisher
22.2%
2C.B. Dollaway
21%
1Diego Brandao
21%
1Thiago Tavares
19.8%
1Kendall Grove
19.8%
1John Moraga
18.5%
1Evan Dunham
18.5%
1Rick Story
18.5%
1Din Thomas
18.5%
2Kurt Pellegrino
17.3%
1Justin Edwards
17.3%
1Pablo Garza
17.3%
1Yves Edwards
17.3%
1Dennis Siver
14.8%
1Court McGee
14.8%
1Dennis Bermudez
13.6%
2Michael Chiesa
13.6%
# Fighter % Correct
1Scott Jorgensen
12.3%
2Alex Caceres
12.3%
1Daniel Roberts
11.1%
1Hermes Franca
11.1%
1Bryan Caraway
10.1%
1Bobby Green
9.9%
1Cody McKenzie
9.9%
1Kevin Burns
9.9%
1Matt Riddle
8.6%
1Sergio Moraes
7.6%
2T.J. Waldburger
7.4%
2Ivan Menjivar
7.4%
1Daniel Pineda
7.4%
1Reza Madadi
7.4%
1Steve Cantwell
7.4%
1Kenny Robertson
6.2%
1Jason Dent
6.2%
1Akihiro Gono
6.2%
1Ildemar Alcantara
4.9%
1Jake Rosholt
4.9%
1Wilson Gouveia
4.9%
1Matt Arroyo
4.9%
1Mitch Gagnon
4.7%
1James Krause
4.5%
2Krzystof Soszynski
3.7%
1Brock Larson
3.7%
1Rob Kimmons
3.7%
1Joe Riggs
3.7%
1Adriano Martins
3.3%
1Zak Cummings
3.1%
1Brian Bowles
2.5%
1Ryan Jensen
2.5%
1Russell Doane
1.7%
1Chris Holdsworth
1.7%
1Nicholas Musoke
1.6%
1Pitor Hallmann
1.6%
1John Maguire
1.2%
1Dan Christison
1.2%
1Rodrigo Damm
0%
1Reuben Duran
0%
1Rory Singer
0%

You're not logged in!

Compare scores with friends on all Sporcle quizzes.
OR
Log In

From the Vault

Elements by Any 3 Letters

by RobPro

This quizzes starts out making you feel like a genius and then it gets a little humbling.
Remove Ads.
Support Sporcle.
Get the best of Sporcle when you Go Orange. This ad-free experience offers more features, more stats, and more fun while also helping to support Sporcle. Thank you for becoming a member.

Show Comments

Extras

Created Apr 28, 2013ReportNominate
Tags:Award, Awardee, bonus, MMA, UFC, UFC Fighters

Top Quizzes Today


Score Distribution

Your Account Isn't Verified!

In order to create a playlist on Sporcle, you need to verify the email address you used during registration. Go to your Sporcle Settings to finish the process.

Report this User

Report this user for behavior that violates our Community Guidelines.

Details: